High in the Answers - Statistics

General Stats
  • This quiz has been taken 46,290 times
    12,918 since last reset
  • The average score is 14 of 20
Answer Stats
Clue Answer % Correct
Happens twice daily at the beach High tide
96%
Track event where people do the Fosbury flop High jump
94%
Stilettos on your feet High heels
90%
Warning on electrical power lines High voltage
86%
Mountainous region of Scotland Highlands
84%
Crime of betraying the king High treason
82%
Animal ridden by a self-righteous person? High horse
80%
Important place to occupy in a battle High ground
77%
Time for an Old West showdown? High noon
75%
Like almost all modern televisions High definition
71%
Silicon Valley's industry High tech
67%
Skyscraper High-rise
66%
Hypertension High blood pressure
65%
Like some corn syrups High fructose
59%
International waters The high seas
59%
Celebration supposedly invented in 1977 by baseball player Dusty Baker High five
58%
Haute couture High fashion
56%
Premium gasoline High octane
56%
Gambler who wagers a lot High roller
56%
Like some stereo systems High fidelity
50%
No matching quizzes found
Score Distribution
Percent of People with Each Score
Percentile by Number Answered
Your Score History
You have not taken this quiz since the last reset